| 000 | 00402nam a2200169Ia 4500 | ||
|---|---|---|---|
| 008 | 230524s9999 xx 000 0 und d | ||
| 082 |
_a510 _bJAI |
||
| 100 | _aR.K.Jain | ||
| 245 | 0 | _aAdvanced Engineering Mathematics | |
| 250 | _a2ND | ||
| 260 |
_aNEW DELHI _bNarosa _c2005 |
||
| 300 | _a1136 | ||
| 500 | _aQuantity Number: 22 | ||
| 650 | _aMathematics | ||
| 700 | _a S.R.K.Iyengar | ||
| 942 | _cBK | ||
| 999 |
_c1531 _d1531 |
||